|
|
|
|
| LEADER |
01100nam a2200325 4500 |
| 001 |
DLU170182252 |
| 005 |
##20171201 |
| 020 |
# |
# |
|a 9786047844333
|
| 040 |
# |
# |
|a DLU
|b vie
|
| 041 |
# |
# |
|a vie
|
| 044 |
# |
# |
|a vn
|
| 082 |
# |
# |
|a 305.895 922
|b TR-D
|
| 100 |
# |
# |
|a Trần Phỏng Diều.
|
| 245 |
# |
# |
|a Văn hóa dân gian người Hoa ở Cần Thơ /
|c Trần Phỏng Diều.
|
| 260 |
# |
# |
|a H. :
|b Mỹ thuật,
|c 2016.
|
| 300 |
# |
# |
|a 251 tr. :
|b minh họa ;
|c 21 cm.
|
| 504 |
# |
# |
|a Tài liệu tham khảo: tr.239-243.
|
| 505 |
# |
# |
|a Chương 1. Khái quát về người Hoa ở Cần Thơ -- Chương 2. Đời sống tín ngưỡng -- Chương 3. Truyền thống lễ nghi -- Chương 4. Tập tục sinh hoạt -- Chương 5. Văn học dân gian -- Chương 6. Hệ thống chùa Hoa.
|
| 650 |
# |
# |
|a Người Hoa
|z Việt Nam
|z Cần Thơ
|x Văn hóa dân gian.
|
| 923 |
# |
# |
|a 01/2017
|
| 991 |
# |
# |
|a SH
|
| 992 |
# |
# |
|a 10000
|
| 994 |
# |
# |
|a DLU
|
| 900 |
# |
# |
|a True
|
| 911 |
# |
# |
|a Nguyễn Thanh Hương
|
| 925 |
# |
# |
|a G
|
| 926 |
# |
# |
|a A
|
| 927 |
# |
# |
|a SH
|
| 980 |
# |
# |
|a Thư viện Trường Đại học Đà Lạt
|